00487 2200193 4500001002100000005001500021035002000036008004100056245006200097100002100159250000600180260003600186300001100222084001400233082000800247650001400255990001200269990001200281INLIS00000000000031320240503081033 a0010-0424000289240503 0 ind 1 aKenakalan Remaja Dan Penanggulangannya /cVina Dwi Laning aDwi Laning, Vina a1 aJakarta :bCempaka Putih,c2017 a68 hlm a300 VIN k a300 4aNon Fiksi a0728771 a0728772